Mohammed Bencheneb : (Record no. 190580)

MARC details
000 -LEADER
campo de control de longitud fija 01175nam a2200265 i 4500
001 - NÚMERO DE CONTROL
campo de control 190580
003 - IDENTIFICADOR DE NÚMERO DE CONTROL
campo de control ES-MaACL
005 - FECHA Y HORA DE LA ÚLTIMA TRANSACCIÓN
campo de control 20250830230601.0
008 - DATOS DE LONGITUD FIJA--INFORMACIÓN GENERAL
campo de control de longitud fija 220104s2010 ae 001 0dfre d
020 ## - NÚMERO INTERNACIONAL ESTÁNDAR DEL LIBRO
Número Internacional Estándar del Libro 978-9947-0-2885-8
020 ## - NÚMERO INTERNACIONAL ESTÁNDAR DEL LIBRO
Número Internacional Estándar del Libro 978-9947-0-2886-5
100 1# - ENTRADA PRINCIPAL--NOMBRE DE PERSONA
Nombre de persona Ben Cheneb, Mohammed.
9 (RLIN) 173989
245 10 - MENCIÓN DEL TÍTULO
Título Mohammed Bencheneb :
Resto del título ses écrits & son œuvre : (textes publiés dans des périodiques) /
Mención de responsabilidad, etc. recueillis et présentés par Dr. Ali Tablit, Tayeb Ould Laroussi.
260 ## - PUBLICACIÓN, DISTRIBUCIÓN, ETC.
Lugar de publicación, distribución, etc. [Alger] :
Nombre del editor, distribuidor, etc. Université d'Alger,
Fecha de publicación, distribución, etc. [2010]
300 ## - DESCRIPCIÓN FÍSICA
Extensión 2 v. (466, 70 ; 413 p.) ;
Dimensiones 24 cm.
546 ## - NOTA DE IDIOMA
Nota de lengua/lenguaje Texto en francés y árabe.
700 1# - ENTRADA AGREGADA--NOMBRE PERSONAL
Nombre de persona Tablit, Ali,
Fechas asociadas al nombre 1941-
9 (RLIN) 234560
700 1# - ENTRADA AGREGADA--NOMBRE PERSONAL
Nombre de persona Laroussi, Tayeb Ould.
9 (RLIN) 173991
852 4# - LOCALIZACIÓN
Ubicación ES-MaACL
Número de control de estantería A-14839
itemnumber 197758
Sublocalización o colección R.152338
Ubicación en estantería Depósito 1
Signatura antigua Olim: N-7839-40
Donativo/Legado Donativo: Krishna Mohán
Designación de la unidad física Vol 1
Encuadernación Encuadernación en cartoné.
852 4# - LOCALIZACIÓN
Ubicación ES-MaACL
Número de control de estantería A-14840
Sublocalización o colección R.152338
Ubicación en estantería Depósito 1
Signatura antigua Olim: N-7840
Donativo/Legado Donación: Krishna Mohán
Designación de la unidad física Vol. 2
Encuadernación Encuadernación en cartoné.
itemnumber 201075
903 ## - NOMBRE PERSONAL DE DONANTE
9 25189
a Banerjea, Krishna Mohan (
d 1813-1885)
e Donante
942 ## - ELEMENTOS DE ENTRADA SECUNDARIOS (KOHA)
Fuente del sistema de clasificación o colocación Clasificación decimal universal
Tipo de ítem Koha Libro impreso
Holdings
Estatus retirado Estado de pérdida Fuente del sistema de clasificación o colocación Estado de daño No para préstamo Biblioteca de origen Biblioteca actual Ubicación en estantería Fecha de adquisición Fuente de adquisición Enumeración/cronología de publicación seriada Total de préstamos Signatura topográfica completa Código de barras Visto por última vez Precio de reemplazo Tipo de ítem Koha
    Clasificación decimal universal     Biblioteca del Ateneo de Madrid Biblioteca del Ateneo de Madrid Depósito 1 05/01/2022 Donación v.1   A-14389 1202794 23/02/2023 23/02/2023 Libro impreso
    Clasificación decimal universal     Biblioteca del Ateneo de Madrid Biblioteca del Ateneo de Madrid Depósito 1 22/01/2024 Donación v.2   A-14840 101206365 22/01/2024 22/01/2024 Libro impreso